| 000 | 00715nam a2200229 a 4500 | ||
|---|---|---|---|
| 001 | 5245 | ||
| 003 | CDMR | ||
| 005 | 20131203162608.0 | ||
| 008 | 130130s2009||||sp |||||||||||||||||spa|d | ||
| 020 | _a9788497843034 | ||
| 040 |
_aCDMR _bcat _cCDMR |
||
| 100 | 1 |
_93229 _aDijk, Teun Adrianus van |
|
| 245 | 1 | 0 |
_aDiscurso y poder _b: contribuciones a los estudios críticos del discurso _cTeun A. van Dijk ; traducción Alcira Bixio |
| 260 |
_cBarcelona _bGedisa _a2009 |
||
| 300 | _a413 p. | ||
| 490 | 0 | _aLingüística/Análisis del discurso | |
| 490 | 0 | _aCLA·DE·MA | |
| 650 | 0 | 4 |
_92085 _aComunicació _xTeoria |
| 650 | 0 | 4 |
_93349 _aAnàlisi del discurs |
| 650 | 0 | 4 |
_94434 _aPoder (Ciències socials) |
| 942 |
_cMON _2udc |
||
| 999 |
_c5245 _d5245 |
||